| 000 | 00535nam a2200181Ia 4500 | ||
|---|---|---|---|
| 005 | 20230515162955.0 | ||
| 008 | 131103s9999 xx 000 0 und d | ||
| 040 | _aLoreto College | ||
| 041 | _aEnglish | ||
| 082 |
_aTAG 891.44 _bTAG-LAG |
||
| 245 |
_aImperfect encounter _b letters of William Rothenstein and Rabindranath Tagore 1911-1941 _cedited by Mary M. Lago |
||
| 260 |
_aMAssachusetts _bHarvard _c1972 |
||
| 300 | _a402p. | ||
| 650 | _aEnglish literature | ||
| 700 | _aLago, Mary M.; ed. | ||
| 850 | _aLCLIB | ||
| 942 | _cBK | ||
| 999 |
_c35904 _d86383 |
||